U.S. County to City - Statistics

General Stats
  • This quiz has been taken 28 times
  • The average score is 14 of 20
Answer Stats
County State Answer % Correct
Cook IL Chicago
93%
Wayne MI Detroit
89%
Duval FL Jacksonville
89%
Suffolk MA Boston
85%
Cuyahoga OH Cleveland
85%
Pima AZ Tucson
85%
Erie NY Buffalo
81%
Dane WI Madison
81%
Washoe NV Reno
78%
Pierce WA Tacoma
78%
Travis TX Austin
74%
Kern CA Bakersfield
70%
Fayette KY Lexington
67%
Caddo Parish LA Shreveport
67%
Madison AL Huntsville
63%
Washington AR Fayetteville
56%
Guilford NC Greensboro
56%
Montgomery TN Clarksville
48%
San Joaquin CA Stockton
33%
Jefferson CO Lakewood
30%
No matching quizzes found
Score Distribution
Percent of People with Each Score
Percentile by Number Answered
Your Score History
You have not taken this quiz